Figure out the song - Lizzy McAlpine #1 - Statistics

General Stats
  • This quiz has been taken 106 times
    101 since last reset
  • The average score is 79 of 158
Answer Stats
Hint % Correct
I
100%
you
91%
you?
91%
a
88%
Do
76%
the
76%
When
75%
It
73%
it
73%
And
72%
and
72%
Me
72%
me
72%
to
70%
know
67%
we
67%
don't
64%
your
60%
I'm
55%
in
55%
my
52%
that
52%
That
52%
how
51%
You're
49%
But
48%
think
48%
not
46%
on
45%
too
45%
was
45%
for
43%
some
42%
of
40%
mean
36%
had
34%
here
34%
somethin'
34%
about
33%
saw
31%
get
30%
much
30%
something
30%
song
30%
'Cause
28%
has
28%
put
28%
wrote
28%
another
27%
means
27%
night
27%
up
27%
got
25%
reason
25%
Zodiac
25%
believe
24%
name
24%
sign
24%
trust
24%
along
22%
drunk
22%
Leos
22%
middle
22%
nowhere
22%
street
22%
ends
21%
great
21%
kissed
21%
refuse
21%
crazy
19%
way
19%
broken
18%
Everytime
18%
felt
18%
gut
18%
inside
18%
hugged
16%
No matching quizzes found
Score Distribution
Percent of People with Each Score
Percentile by Number Answered
Your Score History
You have not taken this quiz since the last reset